000 00586nam a2200193 4500
001 126065
003 ES-MaACL
005 20230906192741.0
007 t|
008 070214s1988 sp r ||||1| spa d
100 1 _aReina, María Manuela.
_996027
245 1 3 _aLa libertad esclava /
_cMaría Manuela Reina.
260 _aMadrid :
_bAntonio Machado,
_c1988.
300 _a88 p. ;
_c17 cm.
490 1 _aBiblioteca Antonio Machado de teatro ;
_v26
830 0 _aBiblioteca Antonio Machado de teatro ;
_v26
_9178191
852 _aES-MaACL
_jL-12549
_bR.115125
999 _c126065
_d126065